| 000 | 00902cam a2200145ua 4500 | ||
|---|---|---|---|
| 041 |
_aeng _h |
||
| 082 |
_a698.12 _bBUR/ME |
||
| 110 | 1 |
_aBureau of Indian standards . _bBIS _c() |
|
| 245 | 0 | 0 | _aMethod of measurement of building and civil engineering work. Part-15 painting ,polishing, varnishing, etc - IS:1200-1987 |
| 260 |
_a : _bBIS , _c1987. |
||
| 300 | _a10 ; . | ||
| 504 | _a | ||
| 942 | _cBK | ||
| 999 |
_c4585 _d4585 |
||